00486 2200181 4500001002100000005001500021008004100036020002200077035001900099041000700118082001200125090001800137100002300155245003000178260004500208300003600253650001500289INLIS00000000000964420241224113847241224||||||||| | ||| |||| || |  a978-602-00-2212-3 0010-1224009644 aid0 a004.678 a004.678 DUA d0 aJubilee Enterprise00a234 Trik Seputar Internet aJakartabPT. Elex Media Komputindoc2012 a21x14 cm, xvi, 266 hlm.; ilus.: 0aKarya Umum